000 00383nam a2200145Ia 4500
008 230917s9999||||xx |||||||||||||| ||und||
040 _e179353
_aMAIN
041 _aEnglish
082 _a338.4791 F46F
100 _aHall, C Michael
245 0 _aFieldwork in tourism: Methods, issues and reflections
260 _aLondon
_bRoutledge
_c2011
300 _axiii, 322 p.
942 _cBK
999 _c164465
_d164465